The Dow Jones : Irwin guide to property ownership
| Main Author: | |
|---|---|
| Format: | Book |
| Published: |
Illinois :
Dow Jones Irwin ,
c1986
|
| Subjects: |
MARC
| LEADER | 00000cam a2200000 7i4500 | ||
|---|---|---|---|
| 001 | 0000001664 | ||
| 005 | 20050629.0 | ||
| 020 | |a 0870946625 | ||
| 040 | |a INS | ||
| 090 | 0 | 0 | |a KF561. |b S38 1986 |
| 100 | 1 | |a Schulman, Margaret B. | |
| 245 | 1 | 4 | |a The Dow Jones : |b Irwin guide to property ownership |c Margaret B. Schulman |
| 260 | |a Illinois : |b Dow Jones Irwin , |c c1986 | ||
| 300 | |a xip : |b 296p ; |c 24 cm. | ||
| 500 | |a Includes index | ||
| 650 | 0 | 0 | |a Property |x Guide |
| 999 | |a 0000003102 |b BOOK |c Open Shelf |e Default branch | ||